00718nam a2200217Ia 4500008004100000020001600041040001400057082002200071100001900093245004800112260004100160300001100201365002600212366000800238505002200246530003000268620009100298630004800389650001500437730004800452100315s9999 xx 000 0 und d a333116518  cENGLISH  b9612 a330.973  a"potter, Jim " aThe American Economy Between the World Wars aLondon bMacmillan Press  c1974  a183   eRupees d1 b0.00  f0  gVaibhav Gaikwad  bDonated By RBI Library   a"Economic, The American Economy Between the World Wars, American Economy, RBI Book, " aThe American Economy Between the World Wars aECONOMIC  aThe American Economy Between the World Wars